| 000 | 00681nam a2200217 a 4500 | ||
|---|---|---|---|
| 999 |
_c6301 _d6301 |
||
| 001 | 6301 | ||
| 003 | BD-JhCC | ||
| 005 | 20180121093012.0 | ||
| 008 | 180121s1376 bg |||| ||a| 000 0 ben d | ||
| 035 | _a(BD-JhCC)6301 | ||
| 040 |
_aBD-JhCC _dBD-JhCC |
||
| 041 | _aben | ||
| 082 |
_a297.18 _bJAL 1376 |
||
| 100 | _aজলীল, এ, এফ, এম, আবদুল | ||
| 245 |
_aমুসলিম সভ্যতায় নারী / _cএ, এফ, এম, আবদুল জলীল |
||
| 260 |
_aঢাকা : _bনওরোজ কিতাবিস্তান, _c1376. |
||
| 300 |
_a69 p. : _c22 cm. |
||
| 650 | _aMuslim Legend | ||
| 942 |
_2ddc _cBK |
||